| 000 | 00347nam a2200133Ia 4500 | ||
|---|---|---|---|
| 008 | 240624s9999 xx 000 0 und d | ||
| 041 | _aeng | ||
| 082 | _a005.8 CON | ||
| 100 | _aCONVERY SEAN | ||
| 245 | _aNETWORK SECURITY ARCHITECTURES | ||
| 260 |
_c2007 _aNew Delhi _bPearson Education |
||
| 300 | _axxxix, : 739 : p. : cm. ; 23 | ||
| 365 |
_cRS _b35 |
||
| 999 |
_c5910 _d5910 |
||